000 01112cam a2200253 4500
001 ABS65513
008 020522n2002 000 0 eng u
035 _a(Sirsi) u118099
100 _aCock, R.
245 _aWhat price space?
260 _c2002
490 _aEstates Gazette
_v(0219) 11 May 2002, 140(1)
520 _aReports how companies that charge themselves internal rent can take better control of their property costs. Examines an accounting trend of charging internal rents which is known as 'transfer pricing'. Describes a survey carried out in the mid 1990s into the use of internal rent charging systems by UK based corporate occupiers. Concludes by suggesting that internal rent charging may become normal procedure for corporate occupiers.
590 _aABS
650 _aOFFICE OCCUPIERS
650 _aTRANSFER PRICING
650 _aINTERNAL RENTS
650 _aOFFICE SPACE
650 _aCOSTS
650 _aMANAGEMENT-BUSINESS MANAGEMENT-FINANCIAL MANAGEMENT-ACCOUNTING
690 _aMANAGEMENT-BUSINESS MANAGEMENT-FINANCIAL MANAGEMENT
700 _aFrench, N.
942 _n0
999 _c70333
_d70333